| 000 | 00746nam a2200217 i 4500 | ||
|---|---|---|---|
| 001 | bgj | ||
| 100 | 1 |
_aPAULSTON, Christina Bratt _d(1932- ) |
|
| 245 | 1 | 0 |
_aTeaching English as a Second Language : _btechniques and procedures / _cChristina Bratt Paulston ; Mary Newton Bruder. |
| 260 |
_aCambridge, Ma : _bWinthrop Publishers, Inc., _cc. 1976. |
||
| 300 |
_aXII, 255 pp : _bill. ; _c23 cm. |
||
| 505 | _aIncludes index. | ||
| 650 | 9 |
_aEnglish language _xStudy and teaching _xForeign speakers |
|
| 650 | 9 | _aSecond language acquisition | |
| 700 | 1 |
_aBRUDER, Mary Newton _d(1939- ). _eco-author |
|
| 020 | _a087626867X | ||
| 040 | _cBPK | ||
| 041 | 0 | _aeng | |
| 920 | _a0-87626-867-X | ||
| 942 | _cKS | ||
| 008 | s uk f |000 0 eng | ||
| 999 |
_c47805 _d47805 |
||
| 856 |
_uhttp://koha.tu.koszalin.pl/cgi-bin/koha/opac-detail.pl?biblionumber=47805 _yKatalog online BPK |
||